000 00794nas a2200289 4500
001 BR0301767
003 BR-BrBNA
005 20231205103724.0
007 ta
008 230509b bl.|||p| |||| 00| 00por d
040 _aBR-BrBNA
_bpor
_cBiblioteca Nacional de Agricultura
041 _a(Pt)
072 _aL73
100 1 _aDagnone, A.S.
100 1 _aMorais, H.S.A. de
100 1 _aVidotto, O.
245 1 _aErliquiose nos animais e no homem
650 _aHOMEM
650 _aANIMAL
650 _aDIAGNÓSTICO
650 _aERLIQUIOSE
650 _aIMUNOFLUORESCÊNCIA
650 _aZOONOSE
773 0 _tSemina Ciencias Agrarias (Brazil)
_xISSN 1676-546X
_g(Jul-Dec 2001), v. 22(2) p. 191-201
_wBR0301767
909 _a202311
_bLúcia
_c55
_dLúcia Elande
942 _2AGRIS
_n0
_cANA
999 _c174382
_d174382